000 00493nam a2200181Ia 4500
003 GCL
008 140319s9999 xx 000 0 ara d
040 _aGCL /
_cGCL
082 0 4 _aد
_b050
_bك د
100 1 _aدار المعارف
245 1 0 _aكتابك 25 مج /
_cدار المعارف
300 _aمتعدد
490 _aدار المعارف
_v0
650 0 4 _aمقالات
650 0 4 _aالمقالات - مجموعات
650 0 4 _aموضوعات عامة
942 _2ddc
_cBK
999 _c27114
_d27114